|
|
|
|
| LEADER |
00000cac a2200000 i 4500 |
| 003 |
Ucuenca |
| 005 |
20230308161240.0 |
| 006 |
a||||gr|||| 001 | |
| 007 |
ta |
| 008 |
998042t1996 sp aaaagr|||||||1|||spa a |
| 020 |
|
|
|a 8480191392
|
| 040 |
|
|
|b spa
|a UCuenca-cdrjbv
|c UCuenca
|e rda
|
| 041 |
1 |
|
|a spa
|h eng
|
| 082 |
0 |
|
|2 21
|a 796.33
|c 67509
|
| 100 |
1 |
|
|a Benedek, Endré.
|9 24814
|e autor
|
| 240 |
1 |
|
|a Fussballtraininf mit kindern.
|
| 245 |
0 |
0 |
|a Fútbol infantil /
|c Endré Benedek, traductor Wolker D. Falkenhain Karcher.
|
| 250 |
|
|
|a Segunda edición.
|
| 264 |
|
1 |
|a Barcelona:
|b Editorial Paidotribo,
|c 1996.
|
| 300 |
|
|
|a 396 páginas:
|b gra
|c 21 cm
|
| 336 |
|
|
|2 rdacontent
|a texto
|b txt
|
| 337 |
|
|
|2 rdamedia
|a no mediado
|b n
|
| 338 |
|
|
|2 rdacarrier
|a volumen
|b nc
|
| 490 |
0 |
|
|a Fútbol
|
| 504 |
|
|
|a incl. ref.
|
| 505 |
1 |
|
|a El juego de fútbol en la infancia temprana -- Entrenamiento de fútbol con niños --Técnica y táctica individual -- Táctica de equipo (táctica colectiva) -- La condición física -- Métodos, principios e indicaciones para el entrenamiento de base -- Apéndice -- Bibliografía.
|
| 650 |
1 |
7 |
|a Deportes
|9 9582
|
| 650 |
1 |
7 |
|a Fútbol
|9 5175
|2 UCuenca-cdrjbv
|
| 650 |
1 |
7 |
|a Entrenamiento deportivo
|9 24875
|
| 651 |
|
|
|2 UCuenca-cdrjbv
|
| 852 |
|
|
|a UC-CDJBV
|f Compra
|k npena
|l 1
|m General
|p 19980421
|q 156800,00
|r 2
|t 67509
|y 117132
|b 0
|d CDRC
|e CDRC
|g 796.33 TERCER PISO
|z 1998-80-42
|
| 942 |
|
|
|c CR
|0 4
|2 ddc
|r paola.amaya@ucuenca.edu.ec
|
| 999 |
|
|
|c 13805
|d 13805
|